| 000 | 01564nam a22003973ic4500 | ||
|---|---|---|---|
| 001 | EBC31477257 | ||
| 003 | MiAaPQ | ||
| 005 | 20260417130737.0 | ||
| 007 | cr cnu|||||||| | ||
| 008 | 260416s2024 xx o ||||0 ger d | ||
| 020 |
_a9783835385160 _q(electronic bk.) |
||
| 020 | _z9783835352230 | ||
| 040 |
_aMiAaPQ _beng _cMiAaPQ |
||
| 100 | 1 |
_aKrause, Eckart. _99737 |
|
| 245 | 1 | 0 |
_a100 Jahre Universität Hamburg : _bStudien Zur Universitäts- und Wissenschaftsgeschichte in Vier Bänden. Band 4: Mathematik. Informatik. Naturwissenschaften. Medizin. |
| 250 | _a1st ed. | ||
| 264 | 1 |
_aGöttingen : _bWallstein Verlag, _c2024. |
|
| 264 | 4 | _c{copy}2024. | |
| 300 | _a1 online resource (1060 pages) | ||
| 336 |
_aText _btxt _2rdacontent |
||
| 337 |
_aComputermedien _bc _2rdamedia |
||
| 338 |
_aOnline Resource _bcr _2rdacarrier |
||
| 490 | 0 | _aStudien Zur Hamburger Universitäts- und Wissenschaftsgeschichte in Vier Bänden Series | |
| 500 | _aE-Book-ProQuest / Fernzugriff nach Registrierung möglich | ||
| 653 | _aComputer science. | ||
| 655 |
_aFernzugriff _9230 |
||
| 655 | 4 | _aElectronic books. | |
| 700 | 1 |
_aNicolaysen, Rainer. _99736 |
|
| 700 | 1 |
_aZimmermann, Gunnar B. _99738 |
|
| 773 |
_qBand4 _w1669544109 |
||
| 776 | 0 | 8 |
_iPrint version: _aKrause, Eckart _t100 Jahre Universität Hamburg _dGöttingen : Wallstein Verlag,c2024 _z9783835352230 |
| 856 | 4 | 0 |
_uhttps://ebookcentral.proquest.com/lib/maxweberstiftung-ebooks/detail.action?docID=31477257 _zVolltext |
| 942 |
_cEB _2z |
||
| 999 |
_c74086 _d74086 |
||